000 00461nam a2200181Ia 4500
008 230524s9999 xx 000 0 und d
020 _a8120308433
082 _a4.162
_bKRU
100 _aRobert L.Kruse
245 0 _aData Structures and Programme Design in C
250 _a9TH
260 _aNEW DELHI
_bPHI
_c1998
300 _aXV;525
500 _aQuantity Number: 5
650 _aComp-Sc
700 _a" Bruce P.Leung , Clovis L.Tondo,,,"
942 _cBK
999 _c6970
_d6970